Compact disc : troubleshooting & repair
| Main Author: | |
|---|---|
| Other Authors: | |
| Format: | Book |
| Published: |
Indiana :
SAMS ,
1991
|
| Subjects: |
MARC
| LEADER | 00000cam a2200000 7i4500 | ||
|---|---|---|---|
| 001 | 0000000342 | ||
| 002 | 000000418 | ||
| 005 | 20000330.0 | ||
| 020 | |a 0672225212 | ||
| 090 | 0 | 0 | |a 621.38932 |b HEL |
| 100 | 1 | |a HELLER, Neil | |
| 245 | 1 | 0 | |a Compact disc : |b troubleshooting & repair |c Neil Heller and Thomas Bentz |
| 260 | |a Indiana : |b SAMS , |c 1991 | ||
| 300 | |a 148p ; |c 23cm. | ||
| 650 | 0 | 0 | |a Compact disc players |
| 700 | 0 | |a Bentz, Thomas | |
| 999 | |a 029606 |b BUKU |c RUJUKAN |e PERPUSTAKAAN KOMUNITI PETALING JAYA | ||